MARC

LEADER 00000nam0a2200000 4500
001 372764
005 20231102012515.0
035 |a (RuTPU)RU\TPU\retro\30189 
035 |a RU\TPU\book\305228 
090 |a 372764 
100 |a 20221215d1977 m y0rusy50 ca 
101 0 |a rus 
102 |a RU 
105 |a a j 001zy 
200 1 |a Геоморфологическое картирование  |e учебное пособие  |f под ред. Н. В. Башениной 
210 |a Москва  |c Высшая школа  |d 1977 
215 |a 375 с.  |c ил. 
320 |a Библиогр.: с. 369-371. 
606 1 |a Геоморфологическое картирование  |x (геология)  |2 stltpush  |3 (RuTPU)RU\TPU\subj\6205  |9 34140 
610 1 |a учебные пособия 
610 1 |a развитие 
610 1 |a классификация 
610 1 |a картографирование 
610 1 |a методика 
610 1 |a дешифрирование 
675 |a 551.4(075.8)  |v 3 
702 1 |a Башенина  |b Н. В.  |4 340 
801 1 |a RU  |b 63413507  |c 20150122 
801 2 |a RU  |b 63413507  |c 20221215  |g RCR 
942 |c BK